[Event "AUTO-INT-3280"]
[Site "http://www.queenalice.com/game.php?id=1543034"]
[Date "2018.9.21"]
[Round "2"]
[White "talisman77"]
[Black "Marbol"]
[Result "0-1"]
[WhiteElo "1773"]
[BlackElo "2356"]

1. d4 Nf6 2. c4 e6 3. Nc3 d5 4. Nf3 c6 5. e3 Nbd7 6. Be2 Bd6 7. O-O O-O 8. a3 b6
9. cxd5 exd5 10. Qb3 Bb7 11. Bd3 c5 12. Re1 c4 13. Bxc4 dxc4 14. Qxc4 Rc8 15.
Qe2 Re8 16. Qd1 Nf8 17. b4 Rxc3 18. Bb2 Bxf3 19. Qxf3 Rc2 20. Bc1 Qc7 21. g3 Qc3
22. Qd1 Ne6 23. Rb1 Ng5 24. Rb2 Nf3+ 25. Qxf3 Qxe1+ 26. Kg2 Rxc1 27. Kh3 Ne4 28.
Kg4 Qf1 0-1

[Event "AUTO-INT-3280"]
[Site "http://www.queenalice.com/game.php?id=1543035"]
[Date "2018.9.21"]
[Round "2"]
[White "Marbol"]
[Black "talisman77"]
[Result "1-0"]
[WhiteElo "2355"]
[BlackElo "1775"]

1. g3 d5 2. d4 c6 3. Bg2 Nf6 4. Nf3 Bg4 5. O-O e6 6. Ne5 Bd6 7. Nxg4 Nxg4 8. e4
O-O 9. Qxg4 Be7 10. Bh6 Bf6 11. e5 Bxe5 12. dxe5 g6 13. Bxf8 Qxf8 14. Nd2 Nd7
15. Qd4 b6 16. c4 Rc8 17. cxd5 cxd5 18. Rac1 Nc5 19. Rc3 Rd8 20. b4 Nd7 21. Rc7
Nb8 22. Nf3 Rd7 23. Rfc1 Rxc7 24. Rxc7 Qd8 25. Qc3 Kg7 26. Rc8 1-0

[Event "AUTO-OPEN-3849"]
[Site "http://www.queenalice.com/game.php?id=1545448"]
[Date "2018.10.10"]
[Round "3"]
[White "Marbol"]
[Black "jupar"]
[Result "1-0"]
[WhiteElo "2365"]
[BlackElo "2032"]

1. g3 d5 2. Nf3 Nd7 3. d4 Ngf6 4. Bg2 e6 5. O-O Bd6 6. c4 c6 7. Qc2 O-O 8. Nbd2
Re8 9. Rd1 Qe7 10. e4 dxe4 11. Nxe4 Nxe4 12. Qxe4 Nf6 13. Qc2 Qc7 14. c5 Bf8 15.
Bf4 Qd8 16. Bg5 Be7 17. a4 Nd5 18. Bxe7 Qxe7 19. Ne5 f6 20. Nc4 Rd8 21. Nd6 Rxd6
22. cxd6 Qxd6 23. a5 Bd7 24. Qc5 Qxc5 25. dxc5 a6 26. f4 Kf7 27. Kf2 Rd8 28. Ra3
e5 29. Bxd5+ cxd5 30. Rxd5 exf4 31. gxf4 g6 32. Rb3 Ke6 33. Rd6+ Kf5 34. Rbd3
Rc8 35. R3d5+ Kxf4 36. Rxd7 h5 37. Rxb7 g5 38. Rb4# 1-0

[Event "AUTO-OPEN-3849"]
[Site "http://www.queenalice.com/game.php?id=1545449"]
[Date "2018.10.10"]
[Round "3"]
[White "jupar"]
[Black "Marbol"]
[Result "0-1"]
[WhiteElo "2058"]
[BlackElo "2352"]

1. e4 c5 2. Nf3 d6 3. d4 cxd4 4. Nxd4 Nf6 5. Nc3 g6 6. h3 Bg7 7. Be3 Nc6 8. Be2
O-O 9. O-O d5 10. Nxc6 bxc6 11. e5 Ne8 12. f4 f6 13. Bd4 fxe5 14. fxe5 Rxf1+ 15.
Qxf1 Nc7 16. Na4 Ne6 17. Qd1 Nxd4 18. Qxd4 Qc7 19. Qc5 Bxh3 20. gxh3 Qxe5 21.
Re1 Qg3+ 22. Kh1 Be5 0-1

[Event "AUTO-OPEN-3849"]
[Site "http://www.queenalice.com/game.php?id=1545450"]
[Date "2018.10.10"]
[Round "3"]
[White "Marbol"]
[Black "MackMendes"]
[Result "1-0"]
[WhiteElo "2393"]
[BlackElo "2198"]

1. e4 c5 2. Nf3 g6 3. d4 Bg7 4. d5 d6 5. c4 e6 6. Nc3 Ne7 7. Bd3 e5 8. Be2 O-O
9. h4 h6 10. h5 g5 11. Nd2 Nd7 12. g4 Nf6 13. Nf1 Bd7 14. a4 a6 15. f3 Rb8 16.
Ne3 Qb6 17. O-O Qa7 18. a5 b6 19. axb6 Rxb6 20. Bd3 Rfb8 21. Bc2 Ne8 22. Ra5 Nc7
23. Qe2 Rb4 24. Ncd1 Qb6 25. Ra2 Qa7 26. Bd2 R4b7 27. b3 f6 28. Nf2 Ne8 29. Nd3
Kf7 30. Rfa1 Nc7 31. Ba5 Bc8 32. Be1 Ra8 33. b4 Qb8 34. bxc5 dxc5 35. Nxc5 Rb2
36. Rxb2 Qxb2 37. Nb3 Rb8 38. Nd1 Qxb3 39. Bxb3 Rxb3 40. d6 Nc6 41. dxc7 Nd4 42.
Qa2 Rb7 43. c5+ Kf8 44. Qd5 Ne6 45. Rxa6 Nxc7 46. Qd8+ 1-0

[Event "AUTO-OPEN-3849"]
[Site "http://www.queenalice.com/game.php?id=1545451"]
[Date "2018.10.10"]
[Round "3"]
[White "MackMendes"]
[Black "Marbol"]
[Result "0-1"]
[WhiteElo "2208"]
[BlackElo "2380"]

1. d4 Nf6 2. c4 e6 3. a3 d5 4. Nc3 c5 5. cxd5 cxd4 6. Qa4+ Nbd7 7. Qxd4 Bc5 8.
Qf4 exd5 9. Nf3 O-O 10. e3 Re8 11. Bd3 d4 12. Nxd4 Ne5 13. Bc2 Bxd4 14. Qxd4
Nf3+ 15. gxf3 Qxd4 16. Ne4 Qe5 17. f4 Qf5 18. Nxf6+ Qxf6 19. Rg1 Qxf4 20. e4
Qxh2 21. Rg3 Bf5 22. Re3 Rac8 23. Bd3 Bg4 24. b4 Red8 25. Rg3 Rxd3 26. Rxd3 Qg1+
27. Kd2 Qxf2# 0-1

[Event "Copa do Brasil"]
[Site "http://www.queenalice.com/game.php?id=1559722"]
[Date "2019.2.4"]
[Round "5"]
[White "Givanildo"]
[Black "Marbol"]
[Result "0-1"]
[WhiteElo "1531"]
[BlackElo "2392"]

1. d4 Nf6 2. h3 d5 3. Bf4 c5 4. e3 Nc6 5. dxc5 e5 6. Bg5 Be6 7. Bxf6 Qxf6 8. Bb5
Bxc5 9. Bxc6+ bxc6 10. Ne2 Qg6 11. c3 Qxg2 12. Rg1 Qxh3 13. Nd2 g6 14. b4 Be7
15. Qa4 Bd7 16. O-O-O a5 17. f4 Qxe3 18. Rge1 O-O 19. fxe5 axb4 20. Qc2 Bf5 21.
Nd4 Qxe1 22. Nxf5 Qxe5 23. Nh6+ Kg7 24. Ng4 Qf4 25. Rg1 h5 26. cxb4 hxg4 27. Kb2
Qxb4+ 28. Nb3 Rfb8 29. Rg3 Qe1 30. Rxg4 Bf6+ 31. Rd4 Bxd4+ 32. Qc3 Qxc3+ 0-1

[Event "AUTO-OPEN-3848"]
[Site "http://www.queenalice.com/game.php?id=1561697"]
[Date "2019.2.20"]
[Round "3"]
[White "Marbol"]
[Black "muppyman"]
[Result "1/2-1/2"]
[WhiteElo "2406"]
[BlackElo "2245"]

1. Nf3 d5 2. g3 c5 3. Bg2 Nf6 4. O-O e6 5. d4 cxd4 6. Nxd4 e5 7. Nb3 Be6 8. Nc3
Be7 9. f4 exf4 10. gxf4 g6 11. Nd4 Nc6 12. Nxe6 fxe6 13. Kh1 O-O 14. e4 dxe4 15.
Nxe4 Qxd1 16. Rxd1 Rad8 17. Bd2 Nxe4 18. Bxe4 Bc5 19. Bd3 Nb4 20. Bxb4 Bxb4 21.
Bc4 Bd2 22. Bxe6+ Kg7 23. f5 1/2-1/2

[Event "AUTO-OPEN-3848"]
[Site "http://www.queenalice.com/game.php?id=1561698"]
[Date "2019.2.20"]
[Round "3"]
[White "muppyman"]
[Black "Marbol"]
[Result "0-1"]
[WhiteElo "2174"]
[BlackElo "2438"]

1. e4 e5 2. Nf3 Nc6 3. Bb5 a6 4. Bxc6 dxc6 5. O-O Bd6 6. d4 exd4 7. Qxd4 f6 8.
Be3 Ne7 9. Nbd2 Be6 10. Qc3 Qd7 11. Nc4 Bxc4 12. Qxc4 Ng6 13. Nd4 Ne5 14. Qb3
O-O-O 15. f3 Rhe8 16. Nf5 Bf8 17. Bf2 b6 18. Ne3 g6 19. Rfd1 Qe7 20. a4 a5 21.
h3 Kb7 22. Rab1 Bh6 23. Nc4 Nxc4 24. Qxc4 Bf4 25. c3 Rxd1+ 26. Rxd1 Bd6 27. Kf1
g5 28. Rc1 Ra8 29. Be3 h5 30. b4 Qd7 31. b5 cxb5 32. axb5 Bf4 33. Bxf4 gxf4 34.
Qd5+ Qxd5 35. exd5 Re8 36. Rd1 Re3 37. d6 Kc8 38. Rd5 Re5 39. Rd4 Rxb5 40. dxc7
Rc5 41. Rxf4 Rxc3 42. Rxf6 Kb7 43. Rd6 a4 44. Rd1 b5 45. Rb1 Kb6 46. f4 Rxc7 0-1

[Event "AUTO-OPEN-3848"]
[Site "http://www.queenalice.com/game.php?id=1561699"]
[Date "2019.2.20"]
[Round "3"]
[White "Marbol"]
[Black "Mulder"]
[Result "1-0"]
[WhiteElo "2413"]
[BlackElo "2590"]

1. c4 Nf6 2. Nc3 g6 3. d4 Bg7 4. e4 d6 5. h3 O-O 6. Nf3 e5 7. d5 a5 8. Bd3 Bd7
9. O-O Na6 10. Be3 c6 11. Be2 cxd5 12. cxd5 b5 13. Nd2 Qb8 14. a4 b4 15. Nb5 Rc8
16. Qb1 Nc5 17. b3 h5 18. Rc1 Ne8 19. Nc4 Bf8 20. Nd2 Kh7 21. Bxc5 dxc5 22. Nc4
Bxb5 23. axb5 Qxb5 24. Rc2 a4 25. Rca2 Qb7 26. Rxa4 Rxa4 27. Rxa4 Qe7 28. Ra6
Rd8 29. Na5 Qg5 30. Nc6 Rc8 31. h4 Qxh4 32. Nxe5 Bd6 33. Nf3 Qe7 34. Qb2 f6 35.
Bd3 Kg7 36. g3 Nc7 37. Rc6 Rd8 38. Qe2 Qd7 39. Nh4 Re8 40. Nxg6 Nxd5 41. Nh4 Ne7
42. Ra6 Rd8 43. Bc4 Qg4 44. Qe3 Be5 45. Re6 Rd7 46. Rxe7+ Rxe7 47. Nf5+ Kf8 48.
Nxe7 Bd4 49. Qh6+ Kxe7 50. Qh7+ Kd6 51. Kg2 h4 52. Qxh4 Qxh4 53. gxh4 Ke5 54.
Kf3 Bc3 55. Kg4 Bd2 56. Bd3 Kd4 57. Bb1 Ke5 58. Kh5 f5 59. exf5 Kf6 60. Kg4 Be1
61. f4 Kg7 62. Kg5 Bc3 63. Bd3 Bf6+ 64. Kg4 Kh6 65. Ba6 Bd4 66. h5 Bf6 67. Bc4
Bd4 68. Bf7 Kg7 69. Be8 Bf6 70. Kf3 Kf8 71. Bb5 Bg7 72. Ke4 Kf7 73. Kd5 Kf6 74.
Bd7 Bh6 75. Kxc5 Bxf4 76. Kxb4 Kg5 77. Kc5 Kxh5 78. b4 Kg5 79. b5 Kf6 80. b6 Ke7
81. Kc6 Bb8 82. Be6 Bf4 83. Kb7 Bg3 84. Kc8 Be5 85. b7 Bf4 86. b8=Q Bxb8 87.
Kxb8 Kf6 88. Kc7 Ke7 89. Kc6 Kf6 90. Kd6 1-0

[Event "AUTO-OPEN-3848"]
[Site "http://www.queenalice.com/game.php?id=1561700"]
[Date "2019.2.20"]
[Round "3"]
[White "Mulder"]
[Black "Marbol"]
[Result "1/2-1/2"]
[WhiteElo "2580"]
[BlackElo "2402"]

1. e4 c5 2. Nf3 d6 3. d4 cxd4 4. Nxd4 Nf6 5. Nc3 a6 6. Be2 e5 7. Nb3 Be7 8. Be3
Be6 9. Qd3 Nbd7 10. O-O Rc8 11. a4 O-O 12. Rfc1 h6 13. a5 Bc4 14. Qd1 Be6 15.
Bf3 Nh7 16. Qd3 Ng5 17. Be2 Nf6 18. Nd2 d5 19. exd5 Bxd5 20. Nxd5 Nxd5 21. Nc4
Nxe3 22. Nxe3 Bc5 23. c3 Qf6 24. h4 Ne6 25. g3 Rcd8 26. Qe4 Rd2 27. Re1 Rxb2 28.
Rab1 Rd2 29. Bf3 h5 30. Re2 Rfd8 31. Bxh5 R2d3 32. Rxb7 g6 33. Bf3 Bxe3 34. Rxe3
Nc5 35. Qxe5 Qxe5 36. Rxe5 Nxb7 37. Bxb7 R8d6 38. c4 Ra3 39. h5 Kg7 40. hxg6
fxg6 41. Kg2 Ra2 42. Kf3 Rf6+ 43. Kg4 Raxf2 44. c5 R6f5 45. Rxf5 Rxf5 46. c6 Rc5
47. Kf4 Kf6 48. Ke4 Ke6 49. Bxa6 Rxc6 50. Bd3 g5 51. a6 Rc5 52. Kf3 Rc3 53. Ke4
Rc1 1/2-1/2

[Event "AUTO-OPEN-3845"]
[Site "http://www.queenalice.com/game.php?id=1569312"]
[Date "2019.4.30"]
[Round "3"]
[White "Marbol"]
[Black "AsterixTwin"]
[Result "1-0"]
[WhiteElo "2403"]
[BlackElo "2515"]

1. e4 c5 2. Nf3 d6 3. d4 cxd4 4. Nxd4 Nf6 5. Nc3 a6 6. Be2 e5 7. Nb3 Be6 8. f4
Qc7 9. g4 exf4 10. Bxf4 h6 11. Qd3 Nc6 12. O-O-O Ne5 13. Qg3 Rc8 14. Nd4 b5 15.
h4 b4 16. Nd5 Nxd5 17. exd5 Bxd5 18. Bxa6 Be7 19. Rhe1 Ra8 20. Nb5 Qc6 21. Nxd6+
Kf8 22. Bb7 1-0

[Event "AUTO-OPEN-3845"]
[Site "http://www.queenalice.com/game.php?id=1569313"]
[Date "2019.4.30"]
[Round "3"]
[White "AsterixTwin"]
[Black "Marbol"]
[Result "0-1"]
[WhiteElo "2480"]
[BlackElo "2425"]

1. e4 c5 2. Nf3 d6 3. d4 cxd4 4. Nxd4 Nf6 5. Nc3 a6 6. Be3 e5 7. Nb3 Ng4 8. Bd2
Be7 9. Be2 Nf6 10. O-O Be6 11. Be3 Nbd7 12. f4 exf4 13. Rxf4 Ne5 14. Nd4 O-O 15.
Qd2 Rc8 16. Raf1 b5 17. Nxe6 fxe6 18. a3 Qd7 19. h3 Qc6 20. Bd3 Rb8 21. Ne2 Nc4
22. Qc1 e5 23. Rh4 Nxe3 24. Qxe3 Qc5 25. Qxc5 dxc5 26. Ng3 c4 27. Be2 g6 28. Rd1
Bc5+ 29. Kh2 Be3 30. c3 Bg5 31. Rg4 Nxg4+ 32. Bxg4 Rf2 33. Rd6 Bf4 0-1

[Event "AUTO-ELITE-2199"]
[Site "http://www.queenalice.com/game.php?id=1599237"]
[Date "2020.2.12"]
[Round "1"]
[White "pickles"]
[Black "Marbol"]
[Result "1/2-1/2"]
[WhiteElo "2564"]
[BlackElo "2452"]

1. e4 c5 2. Nf3 d6 3. d4 cxd4 4. Nxd4 Nf6 5. Nc3 a6 6. f4 e5 7. Nf3 Qc7 8. Bd3
Be7 9. O-O Nbd7 10. Kh1 O-O 11. Nh4 Nc5 12. fxe5 dxe5 13. Bg5 Rd8 14. Bxf6 Bxf6
15. Nf5 Be6 16. Qf3 Nxd3 17. cxd3 Qc5 18. Nh6+ Kh8 19. Nd5 Bxd5 20. Rac1 Qd6 21.
exd5 Rd7 22. h3 Rf8 23. Rce1 Bd8 24. Ng4 f6 25. Rxe5 Rg8 26. Re6 Qxd5 27. Qxd5
Rxd5 28. Rd1 h5 29. Ne3 Rd7 30. d4 Bc7 31. Kg1 Rgd8 32. Re4 Kg8 33. g4 hxg4 34.
hxg4 Kf7 35. Kg2 Bb6 36. Nc2 Ba5 37. Kf3 Rh8 38. Ne3 Bc7 39. Rf1 Bb6 40. Nc2 Rc7
41. Rf2 Ba7 42. Ke3 Rh3+ 43. Kd2 g6 44. Rfe2 Rd7 45. R2e3 Rh2+ 46. Kd3 Bc5 47.
Rf3 Bf8 48. Ne3 Rd8 49. Ref4 Be7 50. Rf2 Rh1 1/2-1/2

[Event "AUTO-ELITE-2199"]
[Site "http://www.queenalice.com/game.php?id=1599238"]
[Date "2020.2.12"]
[Round "1"]
[White "Marbol"]
[Black "pickles"]
[Result "1-0"]
[WhiteElo "2441"]
[BlackElo "2575"]

1. Nf3 d5 2. g3 g6 3. Bg2 Bg7 4. O-O e5 5. d3 Ne7 6. e4 O-O 7. exd5 Nxd5 8. Re1
Nc6 9. Nc3 Nde7 10. Rb1 a6 11. a4 Re8 12. b4 Nf5 13. Ne4 h6 14. c3 b6 15. h4 Rb8
16. h5 gxh5 17. Nh2 h4 18. Qh5 hxg3 19. fxg3 Qxd3 20. g4 Ng3 21. Nxg3 Qxb1 22.
Bxc6 Qd3 23. Nhf1 Re6 24. Be4 Qd8 25. Ne3 Qg5 26. Qh3 Rg6 27. Bxg6 Qxg6 28. Nef5
Bxf5 29. gxf5 Qc6 30. Ne4 Re8 31. b5 axb5 32. axb5 1-0

[Event "AUTO-ELITE-2199"]
[Site "http://www.queenalice.com/game.php?id=1599243"]
[Date "2020.2.12"]
[Round "1"]
[White "Marbol"]
[Black "kobra23"]
[Result "1/2-1/2"]
[WhiteElo "2454"]
[BlackElo "2620"]

1. c4 e5 2. Nc3 Nf6 3. Nf3 Nc6 4. e3 Bb4 5. Qc2 Bxc3 6. Qxc3 Qe7 7. Be2 d5 8. d4
exd4 9. Nxd4 Nxd4 10. Qxd4 O-O 11. c5 b6 12. b4 bxc5 13. bxc5 Qe6 14. O-O Ba6
15. Bxa6 Qxa6 16. Bb2 Rab8 17. Bc3 c6 18. a4 Rfe8 19. h3 Qb7 20. Qf4 Ne4 21. Be5
Rbc8 22. Rfc1 f6 23. Bd4 Rb8 24. Rc2 Qa6 25. h4 Qd3 26. Rac1 Nd2 27. Qg4 Nb3 28.
Bxf6 Qg6 29. Qxg6 hxg6 30. Rb1 gxf6 31. Rcb2 Re4 32. Rxb3 Rxb3 33. Rxb3 Rxa4 34.
Rb8+ Kf7 35. Rb7+ Ke6 36. g3 Ra5 37. Kg2 f5 38. Rc7 Rxc5 39. Rg7 1/2-1/2

[Event "AUTO-ELITE-2199"]
[Site "http://www.queenalice.com/game.php?id=1599244"]
[Date "2020.2.12"]
[Round "1"]
[White "kobra23"]
[Black "Marbol"]
[Result "1/2-1/2"]
[WhiteElo "2617"]
[BlackElo "2457"]

1. e4 c5 2. Nf3 d6 3. d4 cxd4 4. Nxd4 Nf6 5. Nc3 a6 6. Be3 e5 7. Nb3 Be7 8. Be2
Be6 9. Qd3 O-O 10. O-O Nbd7 11. Nd5 Bxd5 12. exd5 Ne8 13. a4 g6 14. Bh6 Ng7 15.
Qd2 Re8 16. g4 f5 17. f3 Nf6 18. a5 Bf8 19. c4 Rc8 20. Rac1 Rc7 21. Bg5 Rf7 22.
Kh1 Be7 23. Be3 e4 24. g5 exf3 25. Bxf3 Ne4 26. Bxe4 fxe4 27. Rxf7 Kxf7 28. Nd4
Kg8 29. b3 Qd7 30. Qg2 Bd8 31. b4 Rf8 32. Kg1 Nf5 33. Nxf5 Rxf5 34. Rf1 Rxf1+
35. Kxf1 Qf5+ 36. Ke2 Be7 37. Kd2 Bf8 38. Bd4 Qf4+ 1/2-1/2